| 000 | 01195 a2200217 4500 | ||
|---|---|---|---|
| 001 | 27293 | ||
| 005 | 20260407155549.0 | ||
| 008 | 260407a2007 arg spa d | ||
| 003 | AR-UNSa-BCEJYS | ||
| 040 |
_aAR-UNSa-BCEJYS _bspa _cAR-UNSa-BCEJYS |
||
| 080 |
_a347.736 _xQuiebra. Insolvencia. Suspensión de pagos. Bancarrota, procedimientos. Derecho Concursal |
||
| 245 | 1 | 0 | _aInsolvencia societaria |
| 020 | _a978-987-592-279-2 | ||
| 264 | 1 |
_aBuenos Aires : _bLexis Nexis _c2007 |
|
| 300 |
_axxii, 313 p. _c22 cm. |
||
| 505 | _a1. Afrontar la crisis - 2. Afrontar la crisis a través del derecho - 3. La funcionalidad societaria - 4. La conservación de la empresa - 5. El bien jurídico tutelado por el derecho concursal - 6. La funcionalidad societaria - 7. Aspectos societarios de la crisis económica - 8. Pedido de quiebra vs. ejecución individual - 9. La solución concursal - 10. La gestación del acuerdo - 11. Responsabilidad -- 12. Apreciaciones finales | ||
| 942 | _cBK | ||
| 590 | _aniveau_biblio:m niveau_hierar:0 | ||
| 100 | 1 | _aRichard, Efraín Hugo | |
| 856 | 4 | 1 |
_uhttps://biblioeco.unsa.edu.ar/pmb/images/libros/Insolvencia Societaria-l119720.jpg _yImagen de portada _qimage/jpeg |
| 999 |
_c1576 _d1576 |
||